000
00212nam a2200097Ia 4500
008
220204s9999 xx 000 0 und d
082
_a
82-3
_b
WIL
100
_a
Williamson, Tony
245
0
_a
Connector
942
_c
BK
999
_c
29268
_d
29268